banner-ar

THE WORLD AFTER COMMUNISM: A POLEMIC FOR OUR TIMES / (Record no. 24266)

MARC details
000 -الفاتح
حقل البيانات ثابتة الطول 00489nam a2200181Ia 4500
008 - عناصر البيانات ثابتة الطول - معلومات عامة
حقل البيانات ثابتة الطول 140319s9999 xx 000 0 eng d
040 ## - مصدر الفهرسة
وكالة الفهرسة الأصلية GCL /
وكالة النسخ GCL
082 04 - رقم تصنيف ديوى العشرى
رقم التصنيف 335.4
رقم المادة S W
100 1# - المدخل الرئيسى - إسم شخصى
الإسم الشخصى SKIDELSKY, ROBERT
245 10 - بيان العنوان
العنوان THE WORLD AFTER COMMUNISM: A POLEMIC FOR OUR TIMES /
بيان المسئوليه,etc SKIDELSKY, ROBERT
260 ## - PUBLICATION, DISTRIBUTION, ETC. (IMPRINT)
تاريخ النشر أو التوزيع 1995
300 ## - الوصف المادى
التعداد 212 P
650 04 - المدخل الاضافى بالموضوع-مصطلح موضوعى
مصطلح موضوعي POLITICAL ECONOMY
650 04 - المدخل الاضافى بالموضوع-مصطلح موضوعى
مصطلح موضوعي COMMUNISM
650 04 - المدخل الاضافى بالموضوع-مصطلح موضوعى
مصطلح موضوعي COLLECTLISM
942 ## - عناصر المدخل الإضافي( كوها)
مصدر التصنيف او مخطط الترفيف Dewey Decimal Classification
Koha [default] item type كتاب
260 ## - PUBLICATION, DISTRIBUTION, ETC. (IMPRINT)
-- [S.N] :
-- Mac Millan Press ،
Holdings
حالة التراجع حالة الفقد حالة تلف ليس للاعارة المكان المؤقت الموقع الحالى تاريخ الاكتساب اجمالي اﻻعارات رقم الطلب الباركود تاريخ اخر مشاهدة تاريخ تفعيل السعر نوع وعاء كوها
        مكتبة القاهرة الكبرى مكتبة القاهرة الكبرى 03/26/2014   335.4\S W 43123 03/26/2014 03/26/2014 كتاب

Powered By

EGPV